Регионална библиотека "Любен Каравелов" - Русе

История христианской церкви (Запис номер 160189)

MARC детайли
000 -Лидер
Контролно поле с фиксирана дължина 01726nam a2200421 c 4500
003 - Код на организацията, давaща контролен номер
Контролно поле BLK
005 - Дата и час на последна редакция
Контролно поле 20230724152756.0
008 - Елементи от данни с фиксирана дължина
fixed length control field 180410b bul|||||r ||||||| ||bul||
010 ## - Наследен системен номер
LC control number KNG00167392000
040 ## - Източник на каталожния запис
Идентификатор на билиотеката - собственик на записа BLK
041 ## - Код за език
Код за езика на текст/звукозапис или на отделно заглавие Руски
Код за езика КДБФ Руски
072 #7 - Код за тематичната категория
Код организация bullib
Код за тематична категория Ц
Текст Редки и ценни
080 ## - УДК
Текстов определител УДК Християнска църква. Обща история на църквата
УДК код - определител по УДК 26/28
УДК определител (075.3)
УДК - код + определител 26/28(075.3)
139 ## - Редно поле
Редна дума Смирнов, Евграф Иванович
Авторски знак Сми - С 47
245 10 - Сведения за заглавието
Заглавие История христианской церкви
Подзаглавни данни Курс III и IV кл. духовных семинарий
Редно поле (дума) состав. Евграф Иванович Смирнов.
250 ## - Област на изданието
Сведения за изданието 4. изд., испр. и доп.
257 ## - Страна на издаване
Страна на създаване/издаване Русия
260 ## - Област на издателските данни
Име на издателя, разпространителя и проч. типогр. Дома призр. малолетн. бедн.
Година на издаване 1886
300 ## - Физическа характеристика
Страници 2, 484, VІІ с.
Размери/Мащаб 22 см
380 ## - Жанр
Жанр Религия. Теология
490 ## - СЕРИИ (Колекции)
9 (RLIN) 435080
Име на серия Колекция Редки и ценни издания
500 ## - Общи забележки
Забележка Подв. с 1 (един) бр. кн.
505 ## - Форматирана забележка
Заглавие История христианской церкви. Курс V кл. духовных семинарий
650 #4 - Допълнително описание по предмет – тема
Основно описание – тема или топоним Църква - история
9 (RLIN) 249942
653 ## - Ключова дума – ненормативна
Ключова дума история на религиите
653 ## - Ключова дума – ненормативна
Ключова дума учебници за средни училища
659 ## - Тематичен бюлетин
Тематичен бюлетин Ц
700 ## - Други автори (авторска отговорност)
Лично име Смирнов, Евграф Иванович
Дати, свързани с автора 1842-
9 (RLIN) 334796
852 ## - Местоположение
Форматна сигнатура Рр 886
Фондова буква Редки и ценни
856 4# - Електронен адрес и достъп
Електронен формат pdf - файл
856 4# - Електронен адрес и достъп
Електронен формат pdf - файл
999 ## - СИСТЕМНИ КОНТРОЛНИ НОМЕРА
Koha biblionumber 160189
Koha biblioitemnumber 160189
942 ## - АРТИКУЛИ
Вид на библиотечния материал Книги
Скрит в OPAC Не
Периодичен библиозапис Да
944 ## - СЪЗДАВАНЕ И РЕДАКЦИЯ на ЗАПИСА
Създаване/Редакция Създаване
Дата на регистрацията/редакция 19.11.2014
Служител, извършил регистрацията/редакцията 30556
Статус, дата на статуса Теодора Пейчева-Дянкова
944 ## - СЪЗДАВАНЕ И РЕДАКЦИЯ на ЗАПИСА
Създаване/Редакция Редакция
Дата на регистрацията/редакция 19.11.2014
Служител, извършил регистрацията/редакцията Наталия_Медовщикова
999 ## - СИСТЕМНИ КОНТРОЛНИ НОМЕРА
Koha biblioitemnumber 160189
999 ## - СИСТЕМНИ КОНТРОЛНИ НОМЕРА
Koha biblioitemnumber 160189
999 ## - СИСТЕМНИ КОНТРОЛНИ НОМЕРА
Koha biblioitemnumber 160189
Наличности
Код за отписване Код за изгубен артикул Източник на класификационната схема Код за повреда Коз за рестрикции Код за отдаване Артикулен № Име на библиотеката - собственик Име на библиотеката, в която се намира в момента Статус (Текущо местоположение) Дата на вписване в системата Местоположение - отдел Цена в лева Инвентарен номер Систематично азбучна сигнатура Баркод Номер на екземпляра Цена в евро Служебна бележка Служебен тип на артикула
  Не е изгубен Universal Decimal Classification Не е повреден само за читалня Специални фондове ( старопечатни, редки и ценни, фонд М. Арнаудов) 267718 Регионална библиотека "Любен Каравелов" Русе Регионална библиотека "Любен Каравелов" Русе Редки и ценни 1958-01-01 Редки и ценни 1.40 10097/58 Рр 886 900000036711 1 0.72 Дост: DA N: стар фонд Дата: 01.01.1958 Дата инв: 19.12.2016 Бележки инв: Рц2016 Книги
Vip Innovations Ltd, Rousse, Bulgaria 2025